| 000 | 01628cam a22003497a 4500 | ||
|---|---|---|---|
| 999 |
_c14536 _d14536 |
||
| 003 | EG-ScBUE | ||
| 005 | 20200115102125.0 | ||
| 008 | 100725s2000 ua f 000 0 ara d | ||
| 017 | _a2000/11453 | ||
| 020 | _a9773052419 | ||
| 040 |
_aEG-ScBUE _bara _erda _dEG-ScBUE _cEG-ScBUE |
||
| 041 | 1 |
_aara _heng |
|
| 082 | 0 | 4 |
_a809.2045 _bم ا ل _222 |
| 100 | 1 |
_aمالكين، جينيت آر.، _d1951- _eمؤلف. _916746 |
|
| 240 | 1 | 0 |
_aVerbal violence in contemporary drama from Handke to Shepard. _lEnglish |
| 245 | 1 | 2 |
_aالعنف اللغوي في الدراما المعاصرة / _cتأليف جينيت آر. مالكين ؛ ترجمة د. محمد السيد ؛ مراجعة د. أمين حسين الرباط، مركز اللغات والترجمة، أكاديمية الفنون. |
| 264 | 1 |
_a[القاهرة] : _bوزارة الثقافة، مهرجان القاهرة الدولي للمسرح التجريبي، _c[2000] |
|
| 300 |
_a373 صفحة ؛ _c24 سم |
||
| 336 |
_2rdacontent _aنص _btxt |
||
| 337 |
_2rdamedia _aبدون وسيط _bn |
||
| 338 |
_2rdacarrier _aمجلد _bnc |
||
| 541 |
_aألف باء ؛ _cشراء ؛ |
||
| 546 | _aالنص باللغة العربية وتم ترجمته من اللغة الإنجليزية. | ||
| 590 | _amahmoud sami | ||
| 650 | 7 |
_aالعنف في الفن. _2BUEsh _916747 |
|
| 650 | 7 |
_aالمسرحية _xتاريخ ونقد. _2BUEsh _915272 _vنقد |
|
| 653 |
_bGGEN _cJanuary2020 |
||
| 655 | _vReading book | ||
| 700 | 1 |
_aسيد، محمد، _eمترجم. _916751 |
|
| 700 | 1 |
_916752 _aرباط ، أمين حسين، _eمراجع. |
|
| 942 |
_2ddc _cBB |
||